MARC

LEADER 00000nam0a2200000 4500
001 291959
005 20231102000438.0
020 |a RU  |b 83-89592 
035 |a (RuTPU)RU\TPU\book\316555 
090 |a 291959 
100 |a 20150417d1983 k y0rusy5003 ca 
101 0 |a rus 
102 |a RU 
105 |a a z 001zy 
200 1 |a Механизация и технология работ нулевого цикла  |e сборник научных трудов  |f Научно-исследовательский институт промышленного строительства (НИИпромстрой) 
210 |a Уфа  |c [Б. и.]  |d 1983 
215 |a 94 с.  |c ил.  |d 20 см 
320 |a Библиография в конце статей 
606 1 |a Строительные работы  |x Нулевой цикл  |2 stltpush  |3 (RuTPU)RU\TPU\subj\57753  |9 75611 
610 1 |a механизация 
610 1 |a фундаменты 
610 1 |a комбинированные сваи 
610 1 |a осадка 
610 1 |a причины 
610 1 |a здания 
610 1 |a колебания 
610 1 |a забивные сваи 
610 1 |a Уфа 
610 1 |a застройка 
610 1 |a мерзлые грунты 
610 1 |a рыхлители 
675 |a 624.15  |z rus  |v 4 
712 0 2 |a Научно-исследовательский институт промышленного строительства (НИИпромстрой)  |c (1970-1987)  |c (Уфа)  |2 stltpush  |3 (RuTPU)RU\TPU\col\22657 
801 0 |a RU  |b RuMRKP  |c 19950704  |g psbo 
801 1 |a RU  |b 63413507  |c 20150417 
801 2 |a RU  |b 63413507  |c 20181213  |g RCR 
942 |c BK